000 01334cam a2200385 a 4500
001 eng
003 FISKH
005 20250723085351.0
008 070831s2008 nyua j b 001 0 eng
010 _a 2007036015
020 _a0531168611
020 _a9780531168615
040 _aDLC
_cDLC
_dDLC
_beng
050 _aQP361 .T39
082 _2612.8
100 1 _aTaylor-Butler, Christine.
245 1 4 _aThe nervous system /
_cChristine Taylor-Butler.
260 _aNew York :
_bChildren's Press,
_c2008.
300 _a48 pages :
_bcolor illustrations ;
_c22 cm
336 _atext
_btxt
_2rdacontent
337 _aunmediated
_bn
_2rdamedia
338 _avolume
_bnc
_2rdacarrier
490 0 _aA true book
504 _aIncludes bibliographical references (p. 44) and index.
505 0 _aFind the truth -- Ouch! -- Information highway -- Gentle tap -- When signals go haywire -- You've got nerve! -- True statistics.
505 0 _aR
520 _aIntroduces the nervous system, its purpose, parts, and functions.
521 8 _a730
_bLexile
521 8 _aR
_bRaz-Plus
650 0 _aNervous system
_vJuvenile literature.
655 7 _aLiterature.
_2lcgft
_0https://id.loc.gov/authorities/genreForms/gf2014026415
906 _a7
_bcbc
_corignew
_d1
_eecip
_f20
_gy-gencatlg
942 _2ddc
_cBK
_n0
999 _c7518
_d7518